000
00385nam a2200145Ia 4500
008
100122s9999 xx 000 0 und d
082
_b
24018
_a
823.08
100
_a
मतकरी रत्नाकर
245
_a
खेकडा
260
_b
हंस प्रकाशन
_c
1905
300
_a
148
630
_a
खेकडा
730
_a
खेकडा
942
_c
BOOK
999
_c
411491
_d
411488